Statistiques concernant The Beatles : Albums studio

Cliquez ici pour prendre le quiz!

Statistiques générales

  • Ce quiz a été pris 110 fois
  • Le résultat moyen est 16 sur 29

Statistiques - réponses

AnnéeAlbum% Correct
1970Let it Be
92%
1970Let it Be
92%
1969Abbey Road
86%
1969Abbey Road
86%
1965Help !
78%
1965Help !
78%
1968The Beatles
78%
1968The Beatles
78%
1967Sergent Pepper's Lonely Hearts Club Band
74%
1967Sergent Pepper's Lonely Hearts Club Band
74%
1966Revolver
72%
1966Revolver
72%
1969Yellow Submarine
72%
1969Yellow Submarine
72%
1965Rubber Soul
70%
1965Rubber Soul
70%
1964A Hard Day's Night
59%
1964A Hard Day's Night
59%
1963With the Beatles
59%
1964Beatles for Sale
49%
1963Please Please Me
48%
1967Magical Mystery Tour
43%
1964Meet the Beatles !
14%
1966Yesterday and Today
7%
1965Beatles VI
3%
1964Something New
3%
1964Beatles '65
2%
1964Introducing... the Beatles
2%
1964The Beatles' Second Album
2%

Distribution des résultats

Percentile par nombre de réponses

% des personnes avec chaque résultat

Votre développement - résultats

Vous n’avez pas pris ce quiz